[Event "Montpellier II-Chamalieres"]
[Site "Saint Affrique"]
[Date "2008.04.05"]
[Round "10.5"]
[White "Hamdouchi, Adina Maria"]
[Black "Ollier, Pablo"]
[Result "1/2-1/2"]
[WhiteElo "2297"]
[BlackElo "2147"]
[PlyCount "90"]
[EventDate "2008.04.05"]

1. d4 Nf6 2. g3 e6 3. Bg2 Be7 4. Nf3 b6 5. Ne5 c6 6. O-O Qc7 7. c4 d6 8. Nd3
Nbd7 9. Nc3 a6 10. e4 e5 11. d5 c5 12. f4 Nf8 13. a4 Bd7 14. b3 Ra7 15. Bb2 Ng6
16. f5 Nf8 17. g4 g5 18. fxg6 hxg6 19. h3 g5 20. Nxe5 dxe5 21. d6 Qxd6 22. Qxd6
Bxd6 23. Rxf6 Be6 24. Nd5 Nd7 25. Rf3 Bxd5 26. exd5 a5 27. Bf1 f6 28. Bd3 Ke7
29. Raf1 Rh6 30. Bc1 Ra8 31. Kg2 Rah8 32. Bd2 Rg8 33. Rh1 Rgh8 34. Rf5 Rg8 35.
Be4 Nf8 36. h4 Rxh4 37. Rxh4 gxh4 38. Kh3 Ng6 39. g5 Nf4+ 40. Kxh4 Rh8+ 41. Kg4
fxg5 42. Rxg5 Rf8 43. Bc3 Ne6 44. Rf5 Rxf5 45. Bxf5 Nd4 1/2-1/2

[Event "Montpellier II-Chamalieres"]
[Site "Saint Affrique"]
[Date "2008.04.05"]
[Round "10.6"]
[White "Lafeuille, Bernard"]
[Black "Buscara, Sevan"]
[Result "0-1"]
[WhiteElo "1922"]
[BlackElo "2146"]
[PlyCount "82"]
[EventDate "2008.04.05"]

1. c4 c6 2. g3 Nf6 3. Bg2 d5 4. Nf3 Nbd7 5. O-O e5 6. cxd5 cxd5 7. d4 e4 8. Ne1
Bd6 9. e3 O-O 10. Nc3 Nb6 11. a4 Bg4 12. Qb3 Rc8 13. f3 exf3 14. Nxf3 Re8 15.
Ng5 h6 16. Nxf7 Kxf7 17. e4 Rxc3 18. bxc3 Be2 19. e5 Bxf1 20. Bxf1 Ng4 21. a5
Bxe5 22. axb6 Bxg3 23. hxg3 Re1 24. bxa7 Qf6 25. Qxd5+ Kg6 26. Bf4 Rxa1 27.
a8=Q Rxf1+ 28. Kxf1 Ne3+ 29. Kg1 Nxd5 30. Qe8+ Qf7 31. Qe4+ Qf5 32. Qe8+ Kh7
33. Bd2 Qf3 34. Qe1 b5 35. Qf2 Qe4 36. Qf1 Qg6 37. Kh2 Qh5+ 38. Kg2 Nf6 39.
Qd3+ Kh8 40. Be3 Qd5+ 41. Kh3 Qh1# 0-1

[Event "Montpellier II-Chamalieres"]
[Site "Saint Affrique"]
[Date "2008.04.05"]
[Round "10.7"]
[White "Flear, Christine"]
[Black "Ollier, Milan"]
[Result "1/2-1/2"]
[WhiteElo "2142"]
[BlackElo "1893"]
[PlyCount "65"]
[EventDate "2008.04.05"]

1. d4 Nf6 2. Nf3 g6 3. g3 Bg7 4. c4 O-O 5. Bg2 d5 6. O-O dxc4 7. Qc2 b5 8. Nc3
c6 9. Ne5 Qb6 10. Be3 Bb7 11. d5 c5 12. a4 a6 13. axb5 axb5 14. Rxa8 Bxa8 15.
Rd1 Nfd7 16. Nxd7 Nxd7 17. Bg5 Bf6 18. Bh6 Bg7 19. Bg5 Bf6 20. Bh6 Bg7 21. Qd2
Re8 22. h4 b4 23. Ne4 Nf6 24. Bxg7 Kxg7 25. Qc2 Nxe4 26. Bxe4 Qb5 27. Rc1 c3
28. bxc3 b3 29. c4 bxc2 30. cxb5 Rb8 31. Rxc2 Rxb5 32. Ra2 Bb7 33. Bf3 1/2-1/2

[Event "Montpellier II-Chamalieres"]
[Site "Saint Affrique"]
[Date "2008.04.05"]
[Round "10.8"]
[White "Revidon, Laetitia"]
[Black "Guennoun, Anthony"]
[Result "0-1"]
[WhiteElo "1747"]
[BlackElo "2179"]
[PlyCount "64"]
[EventDate "2008.04.05"]

1. e4 c5 2. Nf3 Nc6 3. d4 cxd4 4. Nxd4 Nf6 5. Nc3 e5 6. Ndb5 d6 7. Bg5 a6 8.
Na3 b5 9. Nd5 Be7 10. Bxf6 Bxf6 11. c3 Ne7 12. Nc2 Bg5 13. Ncb4 O-O 14. h4 Bh6
15. g4 Bf4 16. Nxf4 exf4 17. Qf3 a5 18. Nc2 Ng6 19. O-O-O Ne5 20. Qxf4 b4 21.
cxb4 Be6 22. Kb1 axb4 23. Nxb4 Qa5 24. a3 Rfb8 25. Rxd6 Rxb4 26. Qe3 Rb3 27.
Qd4 Rbb8 28. Rh3 Qe1+ 29. Qd1 Qxd1+ 30. Rxd1 Bxg4 31. Rdd3 Nxd3 32. Rxd3 Be6
0-1

[Event "Ramonville-Nice"]
[Site "Saint Affrique"]
[Date "2008.04.05"]
[Round "10.1"]
[White "Lejarre, Ludovic"]
[Black "Bujisho, Benjamin"]
[Result "1-0"]
[WhiteElo "2413"]
[BlackElo "2407"]
[PlyCount "93"]
[EventDate "2008.04.05"]

1. e4 c5 2. Nf3 d6 3. d4 cxd4 4. Nxd4 Nf6 5. Nc3 a6 6. Be2 e6 7. O-O Be7 8. a4
O-O 9. f4 Qc7 10. Be3 Nc6 11. Kh1 Re8 12. Bf3 Rb8 13. g4 Nxd4 14. Bxd4 b6 15.
g5 Nd7 16. Bg2 Bb7 17. Qh5 g6 18. Qh3 Bf8 19. Rf2 e5 20. fxe5 Nxe5 21. Raf1 Re7
22. Rf4 Bg7 23. Rh4 Bc8 24. Rf5 Qc4 25. Bf2 Be6 26. Rxh7 Ng4 27. Rxg7+ Kxg7 28.
Qxg4 Bxf5 29. Qd1 Be6 30. Qxd6 Qc7 31. Qd4+ Kh7 32. Bg3 Qd8 33. Qf2 Rc8 34. Be5
Bg4 35. Bd4 Rxc3 36. bxc3 Rd7 37. Qf4 Bh5 38. Qe5 Qg8 39. Bh3 Rd8 40. Qf6 Re8
41. Qf4 b5 42. axb5 axb5 43. Bd7 Re7 44. Bc6 Re6 45. Bd5 Qe8 46. Kg2 Qd7 47.
Kf2 1-0

[Event "Ramonville-Nice"]
[Site "Saint Affrique"]
[Date "2008.04.05"]
[Round "10.2"]
[White "Suarez Real, Alberto"]
[Black "Franca, Ricardo Bedin"]
[Result "0-1"]
[WhiteElo "2415"]
[BlackElo "2232"]
[PlyCount "84"]
[EventDate "2008.04.05"]

1. e4 c5 2. Nf3 d6 3. d4 cxd4 4. Nxd4 Nf6 5. Nc3 g6 6. Be3 Bg7 7. f3 Nc6 8. Qd2
O-O 9. O-O-O d5 10. exd5 Nxd5 11. Nxc6 bxc6 12. Bd4 Nxc3 13. Qxc3 Bh6+ 14. Be3
Bxe3+ 15. Qxe3 Qb6 16. Qc3 Be6 17. Bc4 Bxc4 18. Qxc4 Rfd8 19. b3 e6 20. Rxd8+
Rxd8 21. Qe2 Qa5 22. Rd1 Rxd1+ 23. Qxd1 Qe5 24. Qd8+ Kg7 25. Qh4 h5 26. a4 Qa1+
27. Kd2 Qg1 28. Qg3 h4 29. Qe5+ Kh7 30. Qf4 Qxg2+ 31. Kc1 Kg8 32. Qxh4 Qxf3 33.
Qd8+ Kh7 34. Qh4+ Qh5 35. Qf2 Qg5+ 36. Kb1 Qe7 37. Qf3 c5 38. a5 e5 39. Kc1 e4
40. Qh3+ Kg7 41. Qc3+ Kg8 42. a6 Qg5+ 0-1

[Event "Ramonville-Nice"]
[Site "Saint Affrique"]
[Date "2008.04.05"]
[Round "10.3"]
[White "Bedos, Michel"]
[Black "Gachet, Sebastien"]
[Result "1/2-1/2"]
[WhiteElo "2277"]
[BlackElo "2290"]
[PlyCount "108"]
[EventDate "2008.04.05"]

1. d4 Nf6 2. c4 g6 3. Nc3 Bg7 4. e4 O-O 5. Bg5 c5 6. d5 d6 7. Bd3 a6 8. a4 e6
9. h3 Qa5 10. Nge2 exd5 11. cxd5 Nbd7 12. O-O Ne5 13. f4 Nxd3 14. Qxd3 Re8 15.
e5 Bf5 16. Qf3 dxe5 17. fxe5 Nd7 18. e6 fxe6 19. d6 e5 20. Nd5 e4 21. Qg3 Be5
22. Bf4 c4 23. Ne7+ Rxe7 24. dxe7 Qc5+ 25. Kh1 Qxe7 26. Rad1 Bxb2 27. Rb1 Qa3
28. Qxa3 Bxa3 29. Rxb7 Rc8 30. Ra1 Bf8 31. Rc1 Nc5 32. Rc7 Rxc7 33. Bxc7 Be6
34. a5 Nb3 35. Rc2 Bb4 36. Bb6 Bd2 37. Nd4 Nxd4 38. Bxd4 e3 39. Bxe3 Bxa5 40.
Ra2 Bc3 41. Rxa6 Bf5 42. Rc6 Bd3 43. Kg1 h5 44. Kf2 Kf7 45. Bc5 Bd2 46. g4 hxg4
47. hxg4 Ke8 48. Rd6 Bf4 49. Rd5 Kf7 50. Be3 Bb8 51. Bd4 Ke6 52. Rb5 Bf4 53.
Bc3 Kd6 54. Kf3 Bc1 1/2-1/2

[Event "Ramonville-Nice"]
[Site "Saint Affrique"]
[Date "2008.04.05"]
[Round "10.4"]
[White "Oliveira, Sancho"]
[Black "Gachon, Lionel"]
[Result "1/2-1/2"]
[WhiteElo "2214"]
[BlackElo "2284"]
[PlyCount "76"]
[EventDate "2008.04.05"]

1. e4 g6 2. d4 Bg7 3. Nc3 d6 4. f4 e6 5. Nf3 Ne7 6. Bd3 a6 7. Be3 O-O 8. Qd2 b5
9. g4 Bb7 10. O-O-O Nd7 11. h4 b4 12. h5 bxc3 13. Qh2 g5 14. fxg5 c5 15. g6 Qa5
16. h6 Bxd4 17. gxh7+ Kh8 18. Nxd4 cxb2+ 19. Kb1 cxd4 20. Qxd6 dxe3 21. Qxd7
Qb4 22. c3 Qxc3 23. Qxe7 e2 24. Rd2 Rac8 25. Rc2 Qd4 26. Re1 Bxe4 27. Bxe4 Qd1+
28. Kxb2 Rb8+ 29. Ka3 Qd4 30. Qc5 Qxe4 31. Rexe2 Qxh7 32. g5 Qd3+ 33. Qc3+
Qxc3+ 34. Rxc3 Rb5 35. g6 fxg6 36. Rxe6 Ra5+ 37. Kb4 Rb5+ 38. Ka3 Ra5+ 1/2-1/2

[Event "Ramonville-Nice"]
[Site "Saint Affrique"]
[Date "2008.04.05"]
[Round "10.5"]
[White "Galby, Vassili"]
[Black "Bes, Stephane"]
[Result "1/2-1/2"]
[WhiteElo "2079"]
[BlackElo "2125"]
[PlyCount "122"]
[EventDate "2008.04.05"]

1. Nf3 d5 2. d4 Nf6 3. c4 c6 4. cxd5 cxd5 5. Nc3 Nc6 6. Bf4 Bf5 7. e3 e6 8. Bb5
Nd7 9. O-O Rc8 10. Qa4 a6 11. Be2 Nb6 12. Qd1 Be7 13. Bd3 Bg6 14. Bxg6 hxg6 15.
Qe2 O-O 16. Rfc1 Na5 17. Ne5 Nbc4 18. Nd3 b6 19. Nb1 Qd7 20. Nd2 Nxd2 21. Qxd2
Nc4 22. Qd1 Qb7 23. b3 Na5 24. Rxc8 Rxc8 25. Rc1 Ba3 26. Rxc8+ Qxc8 27. Qd2 f6
28. Kf1 Qc6 29. Ke1 Qb5 30. f3 g5 31. Bg3 Nc6 32. Kd1 a5 33. Be1 Bd6 34. h3 Bb4
35. Qc2 Ba3 36. Bd2 Kf7 37. Ke1 Ke7 38. Bc1 Bb4+ 39. Bd2 Ba3 40. Bc1 Bb4+ 41.
Bd2 Bxd2+ 42. Kxd2 Kd6 43. Qc3 a4 44. b4 e5 45. dxe5+ fxe5 46. a3 d4 47. exd4
exd4 48. Qc2 Ne5 49. Nxe5 Qxe5 50. Qg6+ Kd5 51. Qf7+ Kc6 52. Qg6+ Kd5 53. Qd3
Qe3+ 54. Kc2 Qf2+ 55. Kd1 Qg1+ 56. Kc2 Qxg2+ 57. Kd1 Qg1+ 58. Kc2 Qf2+ 59. Kd1
Qg1+ 60. Kc2 Qf2+ 61. Kd1 Qg1+ 1/2-1/2

[Event "Ramonville-Nice"]
[Site "Saint Affrique"]
[Date "2008.04.05"]
[Round "10.6"]
[White "Bressac, Stephane"]
[Black "Daloz, Jean Michel"]
[Result "0-1"]
[WhiteElo "2028"]
[BlackElo "2179"]
[PlyCount "94"]
[EventDate "2008.04.05"]

1. e4 c5 2. Nf3 Nc6 3. d4 cxd4 4. Nxd4 Nf6 5. Nc3 e5 6. Ndb5 d6 7. Bg5 a6 8.
Na3 b5 9. Nd5 Be7 10. Bxf6 Bxf6 11. c4 b4 12. Nc2 a5 13. Be2 Bg5 14. O-O O-O
15. b3 g6 16. a3 bxa3 17. Rxa3 Rb8 18. Qd3 Be6 19. Rfa1 Rb7 20. b4 axb4 21. Ra6
b3 22. Rxc6 bxc2 23. Qxc2 Qb8 24. Rd1 Rb2 25. Qd3 Bxd5 26. cxd5 Bd8 27. Rc2 Rb4
28. Rc4 Rxc4 29. Qxc4 Bb6 30. Bg4 Qa7 31. Qe2 Rb8 32. g3 Bd4 33. Rf1 Rb2 34.
Qf3 Kg7 35. h4 Qa2 36. Kg2 h5 37. Bd7 Rb3 38. Qd1 Bc5 39. g4 Rb2 40. Qf3 Qa7
41. Bc6 hxg4 42. Qxg4 Bxf2 43. h5 Bg1+ 44. Kh3 Rh2+ 45. Kg3 Qe3+ 46. Qf3 Qg5+
47. Qg4 Rg2+ 0-1

[Event "Ramonville-Nice"]
[Site "Saint Affrique"]
[Date "2008.04.05"]
[Round "10.7"]
[White "Bolon, Karelle"]
[Black "Boursier, Julien"]
[Result "1-0"]
[WhiteElo "2058"]
[BlackElo "2083"]
[PlyCount "89"]
[EventDate "2008.04.05"]

1. e4 e6 2. d3 d5 3. Nd2 Nc6 4. Ngf3 Bc5 5. g3 dxe4 6. Nxe4 Bb6 7. Bg2 e5 8.
O-O Nge7 9. Re1 f6 10. Be3 Bg4 11. h3 Be6 12. Nc5 Bc8 13. Nb3 O-O 14. Bxb6 axb6
15. d4 Ng6 16. Qd3 exd4 17. Nbxd4 Nge5 18. Qb3+ Kh8 19. Nxe5 fxe5 20. Nxc6 bxc6
21. Rxe5 Qd4 22. Re3 Bd7 23. Qc3 Qxc3 24. Rxc3 Rf6 25. Rd1 Be8 26. a3 Kg8 27.
Rdd3 Rc8 28. b4 Rd6 29. Be4 Kf7 30. Rf3+ Kg8 31. Bd3 Bf7 32. Bxh7+ Kxh7 33.
Rxf7 Kg6 34. Rff3 Re8 35. Rfd3 Re1+ 36. Kg2 Rf6 37. Rf3 Rd6 38. Rcd3 Rde6 39.
Rfe3 R6xe3 40. Rxe3 Ra1 41. Re6+ Kf5 42. Rxc6 Rxa3 43. Rxc7 Ke4 44. Rxg7 Rc3
45. Rg6 1-0

[Event "Ramonville-Nice"]
[Site "Saint Affrique"]
[Date "2008.04.05"]
[Round "10.8"]
[White "Bramme, Isabelle"]
[Black "Iwanesko, Alexandre"]
[Result "0-1"]
[WhiteElo "1986"]
[BlackElo "2060"]
[PlyCount "100"]
[EventDate "2008.04.05"]

1. e4 c5 2. c3 Nf6 3. e5 Nd5 4. d4 cxd4 5. cxd4 e6 6. Nc3 Nxc3 7. bxc3 d6 8.
Nf3 Nd7 9. Bf4 Qc7 10. Qb3 dxe5 11. Nxe5 Bd6 12. Bb5 O-O 13. Bxd7 Bxe5 14. Bxe5
Qxd7 15. O-O b6 16. a4 Ba6 17. Rfc1 Rac8 18. a5 Bc4 19. Qb4 b5 20. Re1 f6 21.
Bd6 Rfd8 22. Be7 Re8 23. Bd6 Rcd8 24. Bg3 Qf7 25. Qc5 Rc8 26. Qb4 Red8 27. Re3
Rd5 28. Rae1 Rc6 29. f3 a6 30. Qb1 Rd8 31. Qb4 Bd5 32. Qa3 Qd7 33. R1e2 Rc4 34.
f4 f5 35. Bh4 Re8 36. Re5 Rec8 37. Be1 Ra4 38. Qb2 Rcc4 39. g4 Be4 40. gxf5
exf5 41. Bh4 Qd6 42. Re3 Rc8 43. Rg3 Rac4 44. Be7 Qh6 45. Qd2 Ra4 46. h4 Rxa5
47. d5 Ra1+ 48. Kf2 Ra2 49. Qxa2 Qxf4+ 50. Ke2 Qxe5 0-1

[Event "Saint Affrique-Monaco"]
[Site "Saint Affrique"]
[Date "2008.04.05"]
[Round "10.1"]
[White "Georgiev, Krum"]
[Black "Van Hoolandt, Patrick"]
[Result "1-0"]
[WhiteElo "2452"]
[BlackElo "2183"]
[PlyCount "53"]
[EventDate "2008.04.05"]

1. e4 e5 2. Nf3 Nc6 3. Bb5 Nf6 4. d3 d6 5. O-O g6 6. Re1 Bg7 7. c3 O-O 8. Nbd2
a6 9. Ba4 Nd7 10. Nf1 Nc5 11. Bc2 Ne6 12. Ne3 Bd7 13. g3 Kh8 14. h4 h5 15. Nd5
Ne7 16. d4 c6 17. Ne3 b5 18. Nf5 Nxf5 19. exf5 Nc7 20. dxe5 dxe5 21. fxg6 fxg6
22. Nxe5 Bxe5 23. Rxe5 Bf5 24. Qe2 Bxc2 25. Qxc2 Qf6 26. Rg5 Kg7 27. Bf4 1-0

[Event "Saint Affrique-Monaco"]
[Site "Saint Affrique"]
[Date "2008.04.05"]
[Round "10.2"]
[White "Lebel, Patrick"]
[Black "Letreguilly, Olivier"]
[Result "0-1"]
[WhiteElo "2190"]
[BlackElo "2336"]
[PlyCount "86"]
[EventDate "2008.04.05"]

1. d4 d5 2. Bf4 c6 3. e3 Qb6 4. Qc1 Bf5 5. Nf3 Nf6 6. Nbd2 e6 7. Nh4 Be4 8. f3
Bg6 9. g4 Nbd7 10. c3 e5 11. Bg3 Be7 12. Be2 exd4 13. exd4 O-O 14. O-O Rfe8 15.
Nxg6 hxg6 16. Re1 a5 17. Kg2 a4 18. Qc2 c5 19. dxc5 Nxc5 20. Rad1 Qc6 21. Nf1
Ne6 22. Qd3 Ra5 23. h3 Bd6 24. Qd2 Rc5 25. a3 Qc7 26. Bd3 Bf4 27. Qf2 Ra5 28.
Bc2 Raa8 29. Ne3 Bxg3 30. Qxg3 Qb6 31. Rb1 Nc5 32. Nf1 Rxe1 33. Qxe1 Re8 34.
Qf2 d4 35. cxd4 Ne6 36. Bxa4 Nf4+ 37. Kh1 Re2 38. Qg3 Qxd4 39. Bd1 Rg2 40. Qxg2
Nxg2 41. Kxg2 Nd5 42. h4 Nf4+ 43. Kg3 Nd3 0-1

[Event "Saint Affrique-Monaco"]
[Site "Saint Affrique"]
[Date "2008.04.05"]
[Round "10.3"]
[White "Laclau, Daniel"]
[Black "Gentilleau, Jean Philippe"]
[Result "1/2-1/2"]
[WhiteElo "2280"]
[BlackElo "2155"]
[PlyCount "44"]
[EventDate "2008.04.05"]

1. d4 e6 2. Nf3 c5 3. c3 d5 4. e3 Nc6 5. Nbd2 Bd6 6. Bd3 Nf6 7. O-O O-O 8. dxc5
Bxc5 9. b4 Bd6 10. a3 Bd7 11. Bb2 Ne5 12. Nxe5 Bxe5 13. Qe2 Rc8 14. Rac1 a6 15.
f4 Bb8 16. c4 Bc6 17. cxd5 exd5 18. Nf3 Re8 19. Ne5 Bxe5 20. Bxe5 Ne4 21. Qb2
f6 22. Bd4 Qd7 1/2-1/2

[Event "Saint Affrique-Monaco"]
[Site "Saint Affrique"]
[Date "2008.04.05"]
[Round "10.4"]
[White "Roussiere, Christophe"]
[Black "Boyd, Stephen"]
[Result "0-1"]
[WhiteElo "2128"]
[BlackElo "2315"]
[PlyCount "58"]
[EventDate "2008.04.05"]

1. e4 g6 2. d4 Bg7 3. Nf3 d6 4. h3 Nf6 5. Nc3 O-O 6. Be3 Nc6 7. Qd2 e5 8. d5
Ne7 9. Rd1 Nxe4 10. Nxe4 f5 11. Bh6 fxe4 12. Bxg7 Kxg7 13. Ng5 Nxd5 14. Nxh7 e3
15. Qxd5 exf2+ 16. Kd2 Kxh7 17. Kc1 Qe7 18. h4 Qf7 19. Qa5 Bg4 20. Rd2 e4 21.
h5 gxh5 22. Rd5 c5 23. Qd2 Rae8 24. Qg5 Qf4+ 25. Qxf4 Rxf4 26. g3 e3 27. Bd3+
Kh8 28. gxf4 e2 29. Bxe2 Rxe2 0-1

[Event "Saint Affrique-Monaco"]
[Site "Saint Affrique"]
[Date "2008.04.05"]
[Round "10.5"]
[White "Djingarova, Emilia"]
[Black "Mapelle, Jacques"]
[Result "1-0"]
[WhiteElo "2301"]
[BlackElo "2002"]
[PlyCount "65"]
[EventDate "2008.04.05"]

1. d4 d5 2. c4 e6 3. Nf3 Nf6 4. g3 Nbd7 5. Bg2 c6 6. O-O Bd6 7. b3 O-O 8. Bb2
Qe7 9. Ne5 Ne8 10. e4 dxc4 11. Nxc4 Bb4 12. a3 b5 13. axb4 bxc4 14. bxc4 e5 15.
dxe5 Nxe5 16. Qd4 f6 17. f4 Nf7 18. Ba3 Qd6 19. Qe3 Nh6 20. b5 Ng4 21. Bxd6
Nxe3 22. Bxf8 Kxf8 23. Rf3 Nxg2 24. Kxg2 cxb5 25. cxb5 Bb7 26. Nc3 Nd6 27. Kg1
Nxe4 28. Nxe4 Bxe4 29. Rc3 a5 30. bxa6 Ra7 31. Rb3 Kf7 32. Re1 f5 33. Rxe4 1-0

[Event "Saint Affrique-Monaco"]
[Site "Saint Affrique"]
[Date "2008.04.05"]
[Round "10.6"]
[White "Birens, Eric Andre"]
[Black "Leygue, Dominique"]
[Result "0-1"]
[WhiteElo "2046"]
[BlackElo "2304"]
[PlyCount "122"]
[EventDate "2008.04.05"]

1. d4 Nf6 2. c4 e5 3. dxe5 Ne4 4. a3 Nc6 5. Nf3 d6 6. Nc3 Nxc3 7. bxc3 Be6 8.
e4 dxe5 9. Be3 Qxd1+ 10. Kxd1 f6 11. Kc2 Na5 12. Nd2 b6 13. Be2 Be7 14. g4 Nb7
15. h4 Bc5 16. Nf1 O-O-O 17. a4 Bxe3 18. Nxe3 Nc5 19. a5 Bd7 20. axb6 axb6 21.
Nd5 Kb7 22. Ra3 Ra8 23. Rha1 Rxa3 24. Rxa3 Bc6 25. f3 Rd8 26. Kd2 Bxd5 27. cxd5
Ra8 28. Rxa8 Kxa8 29. Kc2 Kb8 30. Kb2 Kc8 31. Ka3 Kd7 32. Kb4 Kd6 33. Bb5 g6
34. Bf1 Nd7 35. Kb5 f5 36. exf5 gxf5 37. gxf5 Kxd5 38. Bc4+ Kd6 39. Be6 Nf6 40.
Kc4 Nh5 41. Bg8 h6 42. Bf7 Nf6 43. Be6 c6 44. Bf7 Ke7 45. Be6 Nh5 46. Bc8 Kd6
47. Kd3 b5 48. Ke3 c5 49. Ba6 b4 50. cxb4 cxb4 51. Bc4 Ke7 52. Bd3 Kf6 53. Kf2
b3 54. Bb1 b2 55. Bc2 Nf4 56. Ke3 Ng2+ 57. Ke4 Nf4 58. Ke3 Nd5+ 59. Kd2 Ne7 60.
Kc3 Nxf5 61. Kxb2 Nxh4 0-1

[Event "Saint Affrique-Monaco"]
[Site "Saint Affrique"]
[Date "2008.04.05"]
[Round "10.7"]
[White "Mania, Clement"]
[Black "Mirabel, Marcel"]
[Result "0-1"]
[WhiteElo "1956"]
[BlackElo "1894"]
[PlyCount "62"]
[EventDate "2008.04.05"]

1. e4 c5 2. c3 e6 3. d4 cxd4 4. cxd4 d5 5. exd5 Qxd5 6. Nc3 Bb4 7. Nf3 Nc6 8.
Bd3 Nf6 9. O-O Qh5 10. Bg5 Be7 11. Bb5 O-O 12. Ne2 Nd5 13. Ng3 Qg6 14. Bd3 f5
15. Bxe7 Ncxe7 16. Re1 Bd7 17. Ne5 Qe8 18. Bc4 Rc8 19. Qe2 f4 20. Ne4 f3 21.
gxf3 Nf4 22. Qf1 Rxc4 23. Nxc4 Qh5 24. Ne5 Nf5 25. Ng3 Qg5 26. Kh1 Bc6 27. Nxc6
bxc6 28. Nxf5 Qxf5 29. Qc4 Qh3 30. Rg1 Qxf3+ 31. Rg2 Qxg2# 0-1

[Event "Saint Affrique-Monaco"]
[Site "Saint Affrique"]
[Date "2008.04.05"]
[Round "10.8"]
[White "Lebel Arias, Julia"]
[Black "Vignette, Jeanne"]
[Result "1-0"]
[WhiteElo "1973"]
[BlackElo "1540"]
[PlyCount "93"]
[EventDate "2008.04.05"]

1. d4 d5 2. Nf3 Nf6 3. Bg5 e6 4. Nbd2 Be7 5. e3 b6 6. c3 Bb7 7. Ne5 O-O 8. f4
c5 9. Bd3 c4 10. Bc2 Nc6 11. Bxf6 Bxf6 12. O-O g6 13. e4 Bg7 14. exd5 Qxd5 15.
Be4 Qd6 16. Nexc4 Qc7 17. Ne5 f6 18. Nxc6 Bxc6 19. Bxc6 Qxc6 20. Qb3 Kh8 21.
Rae1 e5 22. f5 Qd7 23. Qe6 Qd8 24. fxg6 hxg6 25. Rf3 Kh7 26. Rh3+ Bh6 27. Nf3
Kg7 28. dxe5 Bg5 29. Nd4 Re8 30. Qb3 fxe5 31. Ne6+ Rxe6 32. Qxe6 Qd2 33. Qxe5+
Bf6 34. Qe2 Qd6 35. Rd1 Qc5+ 36. Qe3 Qf5 37. Qh6+ Kf7 38. Qh7+ Kf8 39. Rf1 Qc5+
40. Kh1 Qc6 41. Qxg6 Ke7 42. Re3+ Kd7 43. Rxf6 Qxf6 44. Qxf6 Rd8 45. Re7+ Kc8
46. Qc6+ Kb8 47. Qb7# 1-0

[Event "Vitrolles-Tournefeuille"]
[Site "Saint Affrique"]
[Date "2008.04.05"]
[Round "10.1"]
[White "Midoux, Sebastien"]
[Black "Sanchez, Nicolas"]
[Result "0-1"]
[WhiteElo "2360"]
[BlackElo "2212"]
[PlyCount "86"]
[EventDate "2008.04.05"]

1. c4 g6 2. Nc3 Bg7 3. g3 Nf6 4. Bg2 O-O 5. Nf3 d6 6. O-O a6 7. Rb1 e5 8. d3 h6
9. b4 Be6 10. d4 Bf5 11. Rb3 Nc6 12. d5 Nd4 13. Nxd4 exd4 14. Nb1 Re8 15. Bb2
Nd7 16. Re1 Bxb1 17. Qxb1 a5 18. a3 axb4 19. axb4 Nb6 20. Qd3 Ra2 21. Kf1 Qf6
22. Ra1 Rea8 23. Rxa2 Rxa2 24. Qb1 Ra8 25. Rf3 Qg5 26. Qc2 Ra2 27. h4 Qe7 28.
Rb3 d3 29. exd3 Na4 30. Qe2 Qxe2+ 31. Kxe2 Rxb2+ 32. Rxb2 Bxb2 33. Ke3 Bc3 34.
b5 Nc5 35. Bf3 Nb3 36. Bd1 Bd4+ 37. Ke4 f5+ 38. Kf3 Nc5 39. Be2 Kg7 40. Kg2 Kf6
41. f4 Nd7 42. Kf3 h5 43. Bd1 Ke7 0-1

[Event "Vitrolles-Tournefeuille"]
[Site "Saint Affrique"]
[Date "2008.04.05"]
[Round "10.2"]
[White "Lacroix, Romain"]
[Black "Abello, Sebastien"]
[Result "0-1"]
[WhiteElo "2149"]
[BlackElo "2298"]
[PlyCount "96"]
[EventDate "2008.04.05"]

1. e4 c5 2. Nc3 Nc6 3. f4 g6 4. Nf3 Bg7 5. Bb5 Na5 6. O-O a6 7. Be2 d6 8. d4
cxd4 9. Nxd4 Nf6 10. e5 dxe5 11. fxe5 Nd5 12. e6 fxe6 13. Nxd5 exd5 14. Be3 e5
15. Nb3 Nxb3 16. axb3 Be6 17. Qd2 Rc8 18. Qb4 Qe7 19. Qb6 Rc6 20. Qa7 d4 21.
Bf3 Rc7 22. Bxd4 exd4 23. Rfe1 O-O 24. Bd5 Bxd5 25. Rxe7 Rxe7 26. Qc5 Re5 27.
Qd6 Bc6 28. Rf1 Rxf1+ 29. Kxf1 Rf5+ 30. Kg1 Rf8 31. h4 Rf6 32. Qd8+ Kf7 33. g4
Re6 34. Kf2 Be5 35. g5 Re8 36. Qa5 Ke6 37. c3 Rf8+ 38. Ke2 Rf4 39. Qd8 dxc3 40.
bxc3 Re4+ 41. Kd3 Rxh4 42. Qc8+ Ke7 43. Qg8 Rh3+ 44. Kc4 a5 45. Kc5 Rxc3+ 46.
Kb6 Rh3 47. Kxa5 Rh5 48. b4 Bc7# 0-1

[Event "Vitrolles-Tournefeuille"]
[Site "Saint Affrique"]
[Date "2008.04.05"]
[Round "10.3"]
[White "Gaudineau, Eric"]
[Black "Garrel, Alain"]
[Result "1-0"]
[WhiteElo "2335"]
[BlackElo "2131"]
[PlyCount "49"]
[EventDate "2008.04.05"]

1. e4 d5 2. exd5 Qxd5 3. Nc3 Qd6 4. d4 Nf6 5. Nf3 a6 6. Be3 Nc6 7. Qd2 Bg4 8.
Be2 e6 9. O-O-O Nb4 10. a3 Nbd5 11. h3 Nxc3 12. Qxc3 Bf5 13. Ne5 Be7 14. Bf3
Be4 15. Bxe4 Nxe4 16. Qb3 O-O 17. Qxb7 f5 18. Qc6 Qxc6 19. Nxc6 Bd6 20. f3 f4
21. fxe4 fxe3 22. e5 a5 23. exd6 cxd6 24. Rhe1 Ra6 25. d5 1-0

[Event "Vitrolles-Tournefeuille"]
[Site "Saint Affrique"]
[Date "2008.04.05"]
[Round "10.4"]
[White "Faure, Nicolas"]
[Black "Diaz, Franck"]
[Result "0-1"]
[WhiteElo "2034"]
[BlackElo "2170"]
[PlyCount "88"]
[EventDate "2008.04.05"]

1. e4 e5 2. Nf3 Nc6 3. Bb5 a6 4. Ba4 Nf6 5. O-O Be7 6. Re1 b5 7. Bb3 d6 8. c3
Na5 9. Bc2 c5 10. d4 Qc7 11. Nbd2 O-O 12. h3 cxd4 13. cxd4 Rd8 14. d5 Bd7 15.
Nf1 Rdc8 16. Ne3 Qb7 17. b3 Bd8 18. Bd2 Bb6 19. b4 Nc4 20. Nxc4 Rxc4 21. Bd3
Rc7 22. Be3 Rac8 23. Bxb6 Qxb6 24. Qd2 Nh5 25. Rec1 Nf4 26. Bf1 f5 27. exf5
Bxf5 28. Rd1 Rc3 29. Ne1 Qd8 30. a4 Qg5 31. Kh2 bxa4 32. Rxa4 Bc2 33. Nxc2 Rxc2
34. Qe3 Qh5 35. Rd2 Rc1 36. Bxa6 R8c3 37. Bd3 Nxd5 38. Ra8+ Kf7 39. Qa7+ Ne7
40. Bb5 Qg5 41. Be8+ Kf8 42. Bc6+ Kf7 43. Be8+ Kf8 44. Rxd6 Rxh3+ 0-1

[Event "Vitrolles-Tournefeuille"]
[Site "Saint Affrique"]
[Date "2008.04.05"]
[Round "10.5"]
[White "Diaz, Mickael"]
[Black "Grenier, Billy"]
[Result "1-0"]
[WhiteElo "2239"]
[BlackElo "1880"]
[PlyCount "59"]
[EventDate "2008.04.05"]

1. d4 Nf6 2. Nf3 d5 3. c4 c6 4. g3 Bf5 5. Bg2 e6 6. Nc3 Nbd7 7. O-O Be7 8. b3
O-O 9. Nh4 Ne4 10. Nxf5 exf5 11. Bb2 Ndf6 12. Qc2 Re8 13. Rac1 Qd7 14. Rfd1
Rac8 15. Bh3 Qe6 16. Nxe4 dxe4 17. Qd2 Rcd8 18. Qa5 Ng4 19. e3 b6 20. Qa4 Bg5
21. Bxg4 fxg4 22. d5 cxd5 23. Rxd5 Qh6 24. Bd4 Re6 25. Qb5 Bf6 26. Rxd8+ Bxd8
27. Qd7 Qg5 28. Rd1 Qe7 29. Bc3 Bc7 30. Qc8+ 1-0

[Event "Vitrolles-Tournefeuille"]
[Site "Saint Affrique"]
[Date "2008.04.05"]
[Round "10.6"]
[White "Tarayre, Pascal"]
[Black "Cherki, Thomas"]
[Result "0-1"]
[WhiteElo "1804"]
[BlackElo "2196"]
[PlyCount "110"]
[EventDate "2008.04.05"]

1. e4 Nf6 2. e5 Nd5 3. c4 Nb6 4. c5 Nd5 5. Nc3 Nxc3 6. bxc3 d6 7. cxd6 exd6 8.
exd6 Bxd6 9. Nf3 O-O 10. Be2 Re8 11. O-O Bg4 12. d4 Qe7 13. Be3 c6 14. Rb1 b6
15. Re1 Qc7 16. h3 Bh5 17. Ng5 Bxe2 18. Rxe2 h6 19. Nf3 Nd7 20. Qd3 Nf6 21.
Rbe1 Re6 22. Bd2 Rxe2 23. Rxe2 Qd7 24. Ne5 Bxe5 25. Rxe5 Re8 26. Qe2 Rxe5 27.
Qxe5 Qe8 28. Qxe8+ Nxe8 29. Kf1 Nd6 30. Ke2 b5 31. Kd3 Kf8 32. Bf4 Nc4 33. Be3
a5 34. Ke4 Nb6 35. g4 Ke7 36. h4 Ke6 37. f4 Nd5 38. Bd2 Nf6+ 39. Kf3 Kd5 40. g5
Ne4 41. Be1 h5 42. Ke3 Nd6 43. Kd3 a4 44. Bd2 Ke6 45. Be1 Nc4 46. Ke4 Nd6+ 47.
Kf3 Kd5 48. Ke3 Kc4 49. Bd2 f5 50. gxf6 gxf6 51. Be1 f5 52. Kd2 Ne4+ 53. Kc2
Nf6 54. Kd2 Nd5 55. Kc2 Nxf4 0-1